000 00336nam a2200133Ia 4500
005 20251222144857.0
008 251222s9999||||xx |||||||||||||| ||spa||
020 _a978-603-4002-99-9
082 _a344.01/E88
100 _aEspinoza Laureano, Frank
245 0 _aTercerización de Servicios
264 _bGaceta Jurídica
942 _cLIB
999 _c21825
_d21825